000 01090nam a2200253Ia 4500
003 GCL
008 140319s9999 xx 000 0 ara d
040 _aGCL /
_cGCL
082 0 4 _aق
_b962.07
_bع م
100 1 _aعبدالعظيم رمضان
245 1 0 _aمصر فى عصر السادات : اراء فى السياسة والتاريخ /
_cعبدالعظيم رمضان
260 _aالقاهرة :
_bمكتبة مدبولى ،
_c1986
300 _a486 ص ؛
_c24 سم
650 0 4 _aالزعماءالسياسيون
650 0 4 _aمصر - حزب الوفد
650 0 4 _aمصر - الاحوال السياسية
650 0 4 _aمصر - الاحوال الاقتصادية
650 0 4 _aمصر - الاحزاب السياسية
650 0 4 _aمصر - تاريخ - العصر الحديث - انور السادات (1971 - 1981)
650 0 4 _aمصر - تاريخ - العصر الحديث
650 0 4 _aمصر - الديمقراطية والدكتاتورية
650 0 4 _aمصر - العلاقات الخارجية - الاتحاد السوفيتى
942 _2ddc
_cBK
999 _c55657
_d55657